| 000 -ლიდერი |
| ფიქსირებული სიგრძის საკონტროლო ველი |
01690nam a2200289Ia 4500 |
| 001 - საკონტროლო ნომერი |
| საკონტროლო ველი |
22113 |
| 003 - საკონტროლო ნომრის იდენტიფიკატორი |
| საკონტროლო ველი |
GE_BSU |
| 005 - ბოლო ოპერაციის თარიღი და დრო |
| საკონტროლო ველი |
20221027162254.0 |
| 008 - ფიქსირებული სიგრძის მონაცემთა ელემენტები - ზოგადი ინფორმაცია |
| ფიქსირებული სიგრძის საკონტროლო ველი |
181216s2016||||ge |||||||||||||| ||geo|| |
| 020 ## - წიგნის საერთაშორისო სტანდარტული ნომერი |
| International Standard Book Number |
9789941437953 |
| 040 ## - კატალოგიზაციის წყარო |
| Transcribing agency |
GE_BSU |
| 041 ## - ენის კოდი |
| Language code of text/sound track or separate title |
geo |
| 080 ## - უნივერსალური ათობითი კლასიფიკაციის ინდექსი |
| Universal Decimal Classification number |
821.14'01-21 ს-72 |
| 100 ## - მთავარი ჩანაწერი - პიროვნების სახელი |
| Personal name |
სოფოკლე |
| 9 (RLIN) |
15460 |
| 245 ## - ცნობა სათაურის შესახებ |
| Title |
ტრაგედიები = Tragodiae / |
| Statement of responsibility, etc |
სოფოკლე ; ძველი ბერძნულიდან თარგმნა გია ხომერიკმა ; რედაქტორი ნანა ტონია. |
| 264 ## - წარმოების, გამოცემის, დისტრიბუციის და სხვა ცნობები |
| გამოცემის, წარმოების, დისტრიბუციის... ადგილი |
თბილისი : |
| გამოცემის, წარმოების, დისტრიბუციის... სახელწოდება |
პროგრამა "ლოგოსი", |
| გამოცემის, წარმოების, დისტრიბუციის... თარიღი |
2016. |
| 300 ## - ფიზიკური აღწერა |
| Extent |
316 გვ. ; |
| Dimensions |
20 სმ. |
| 490 ## - სერიის ცნობა |
| Series statement |
პროგრამა "ლოგოსი" : პუბლიკაციები და ღონისძიებები კლასიკური ფილოლოგიის, ბიზანტინისტიკისა და ნეოგრეცისტიკის სფეროში |
| 546 ## - LANGUAGE NOTE |
| Language note |
დამატებითი სატიტულო გვერდი ბერძულ ენაზე |
| 653 ## - INDEX TERM--UNCONTROLLED |
| Uncontrolled term |
ბერძნული ლიტერატურა |
| 653 ## - INDEX TERM--UNCONTROLLED |
| Uncontrolled term |
ოიდიპოს მეფე ; ოიდიპოსი კოლონოსში ; ანტიგონე ; ელექტრა. |
| 653 ## - INDEX TERM--UNCONTROLLED |
| Uncontrolled term |
ტრაგედიები = Tragodiae |
| 700 ## - ADDED ENTRY--PERSONAL NAME |
| Personal name |
ხომერიკი, გია |
| Relator term |
მთარგმნელი |
| 9 (RLIN) |
15602 |
| 700 ## - ADDED ENTRY--PERSONAL NAME |
| Personal name |
ტონია, ნანა |
| Relator term |
რედაქტორი |
| 9 (RLIN) |
15603 |
| 942 ## - ADDED ENTRY ELEMENTS (KOHA) |
| Koha item type |
წიგნი |
| Source of classification or shelving scheme |
|